<?xml version="1.0" encoding="UTF-8"?>
<collection xmlns="http://www.loc.gov/MARC21/slim">
 <record>
  <leader>01671nam a2200217Ia 4500</leader>
  <controlfield tag="001">CTU_125384</controlfield>
  <controlfield tag="008">210402s9999    xx            000 0 und d</controlfield>
  <datafield tag="082" ind1=" " ind2=" ">
   <subfield code="a">338.95</subfield>
  </datafield>
  <datafield tag="082" ind1=" " ind2=" ">
   <subfield code="b">G475</subfield>
  </datafield>
  <datafield tag="100" ind1=" " ind2=" ">
   <subfield code="a">Gill, Indermit Singh</subfield>
  </datafield>
  <datafield tag="245" ind1=" " ind2="0">
   <subfield code="a">Đông Á phục hưng :</subfield>
  </datafield>
  <datafield tag="245" ind1=" " ind2="0">
   <subfield code="b">Ý tưởng phát triển kinh tế (Sách tham khảo)</subfield>
  </datafield>
  <datafield tag="245" ind1=" " ind2="0">
   <subfield code="c">Indermit Gill and Homi Kharas; Triệu Thành Nam (biên dịch)</subfield>
  </datafield>
  <datafield tag="260" ind1=" " ind2=" ">
   <subfield code="a">Hà Nội</subfield>
  </datafield>
  <datafield tag="260" ind1=" " ind2=" ">
   <subfield code="b">Văn hóa Thông tin</subfield>
  </datafield>
  <datafield tag="260" ind1=" " ind2=" ">
   <subfield code="c">2007</subfield>
  </datafield>
  <datafield tag="520" ind1=" " ind2=" ">
   <subfield code="a">Cuốn sách này đánh giá  tương lai của các nước Đông Á có thu nhập trung  bình. Không có lợi thế về lương thấp hoặc kỹ năng cao và với nguồn tài nguyên thiên nhiên hạn chế, các nền kinh tế Đông Á này đang đi theo một con đường hội nhập khu vực mới do Trung Quốc dẫn đầu. Trên con đường này, các nhà hoạch định chính sách phải quản lý luồn di cư 2 triệu người một tháng tới các thành phố Đông Á; hiện tượng tăng nhanh chưa từng có về sự bất bình đẳng thu nhập; và sự bất mãn ngày càng tăng đối với nạn tham nhũng. Chương trình nghị sự mới về hội nhập trong nước đang là một thách thức chính mà Đông Á phải đối đầu.</subfield>
  </datafield>
  <datafield tag="650" ind1=" " ind2=" ">
   <subfield code="a">East Asia,East Asia</subfield>
  </datafield>
  <datafield tag="650" ind1=" " ind2=" ">
   <subfield code="x">Economic policy,Economic conditions</subfield>
  </datafield>
  <datafield tag="904" ind1=" " ind2=" ">
   <subfield code="i">Minh</subfield>
  </datafield>
  <datafield tag="980" ind1=" " ind2=" ">
   <subfield code="a">Trung tâm Học liệu Trường Đại học Cần Thơ</subfield>
  </datafield>
 </record>
</collection>
